00319nam a2200109 a 450000500170000000800410001705000180005810000190007624500460009526000350014144000330017620140414131904.0100902s19uu xx 00 eng d aFICbK19 2006 aKeene, Carolyn aScream for ice cream /cby Daisy Meadows. aNew York :bScholastic,c2006. aNancy Drew and the clue crew